| 000 | 00784nam a22002537a 4500 | ||
|---|---|---|---|
| 001 | BR8007146 | ||
| 003 | BR-BrBNA | ||
| 005 | 20230928090826.0 | ||
| 007 | ta | ||
| 008 | 230509b bl.||||| |||| 00| 0 por d | ||
| 040 |
_aBR-BrBNA _bpor _cBiblioteca Nacional de Agricultura |
||
| 041 | _a(Por) | ||
| 072 |
_aE30; F00 _b2480 _b/G514 |
||
| 090 | _ 2480 BR8007146 | ||
| 110 | 1 |
_aComissao Executiva do Plano da Lavoura Cacaueira, Ilheus, BA (Brasil). Depto. de Extensao _92112 |
|
| 245 | 1 | _aRelatorio sucinto de atividades no Programa da Seringueira 1972-1980 [Bahia, Brasil] | |
| 260 | 3 |
_aIlheus, BA (Brasil): _c1980. |
|
| 300 | _a97 p. | ||
| 650 | _aSERINGUEIRA | ||
| 650 | _aDESENVOLVIMENTO AGRICOLA | ||
| 650 | _aBAHIA | ||
| 909 |
_a202309 _bLucia _c55 _dLucia Elande |
||
| 942 | _cBK | ||
| 999 |
_c30760 _d30760 |
||